Experimentation of nitrogen fertiliz influen ondt 84 variety soybean on royal university of agriculture condition,(ការពិសោធន៍ពីឥទ្ធិពលជីអាសូតលើដំណាំសណ្ដែកសៀងពូជដេតេ ៨៤​ក្នុងលក្ខខ័ណ្ឌសាកលវីទ្យាល័យភូមិន្ទកសិកម្ម) (Record no. 605)

000 -LEADER
fixed length control field 00758nam a22001577a 4500
003 - CONTROL NUMBER IDENTIFIER
control field OSt
005 - DATE AND TIME OF LATEST TRANSACTION
control field 20150916181202.0
008 - FIXED-LENGTH DATA ELEMENTS--GENERAL INFORMATION
fixed length control field 150916b xxu||||| |||| 00| 0 eng d
040 ## - CATALOGING SOURCE
Transcribing agency RUA
082 ## - DEWEY DECIMAL CLASSIFICATION NUMBER
Classification number AGR BAN 2004 B029 Or.1
100 ## - MAIN ENTRY--PERSONAL NAME
9 (RLIN) 631
Personal name BAN RATTANAK
245 ## - TITLE STATEMENT
Title Experimentation of nitrogen fertiliz influen ondt 84 variety soybean on royal university of agriculture condition,(ការពិសោធន៍ពីឥទ្ធិពលជីអាសូតលើដំណាំសណ្ដែកសៀងពូជដេតេ ៨៤​ក្នុងលក្ខខ័ណ្ឌសាកលវីទ្យាល័យភូមិន្ទកសិកម្ម)
260 ## - PUBLICATION, DISTRIBUTION, ETC. (IMPRINT)
Place of publication, distribution, etc. phnom penh
Name of publisher, distributor, etc. RUA
Date of publication, distribution, etc. 2004
300 ## - PHYSICAL DESCRIPTION
Extent xiii,61p.
Dimensions ill.
Size of unit 29cm.
942 ## - ADDED ENTRY ELEMENTS (KOHA)
Source of classification or shelving scheme
Koha item type AGR
Holdings
Price effective from Date last seen Permanent Location Not for loan Date acquired Source of classification or shelving scheme Koha item type Lost status Withdrawn status Total Renewals Date last checked out Total Checkouts Damaged status Barcode Current Location Full call number
2015-09-162022-02-15Library Block B 2015-09-16 AGR  12022-02-043 RUA001168Library Block BAGR BAN 2004 B029 Or.1
2015-09-162018-07-24Library Block B 2015-09-16 AGR   2018-07-131 RUA001136Library Block BAGR BAN 2004 B029 Or.2
2015-09-162015-09-16Library Block B 2015-09-16 AGR      RUA001568Library Block BAGR BAN 2004 B029 Or.3
2015-09-162015-09-16Library Block B 2015-09-16 AGR      RUA001424Library Block BAGR BAN 2004 B029 Or.4
2015-09-162015-09-16Library Block B 2015-09-16 AGR      RUA001352Library Block BAGR BAN 2004 B029 Or.5
2015-09-162015-09-16Library Block B 2015-09-16 AGR      RUA001280Library Block BAGR BAN 2004 B029 Or.6
2015-09-162015-09-16Library Block B 2015-09-16 AGR      RUA001351Library Block BAGR BAN 2004 B029 Or.7
2015-09-162015-09-16Library Block B 2015-09-16 AGR      RUA001495Library Block BAGR BAN 2004 B029 Or.8
2016-01-262022-10-10Library Block B 2016-01-26 AGR   2022-10-042 RUA017186Library Block BAGR BAN 2004 B029 Or.9
មជ្ឈមណ្ឌលឯការនៃសាកលវិទ្យាល័យភូមិន្ទកសិកម្មចំការដូង

Powered by Koha